Bulgaristan Türkleri'ne soya dönüş işkencesi (Record no. 747)

MARC details
000 -BAŞLIK
Sabit Uzunlukta Kontrol Alanı 00747na a2200241 4500
001 - KONTROL NUMARASI
Denetim Alanı 13256
003 - KONTROL NUMARASI IDENTIFIER
Denetim Alanı MIRAKIL
005 - SON İŞLEM TARİHİ VE ZAMANI
Denetim Alanı 20181213154759.0
008 - SABİT-BOY VERİ ELEMANLARI - GENEL BİLGİLER
Sabit Uzunlukta Kontrol Alanı 161012b tu 000 0
020 ## - ULUSLARARASI STANDART KİTAP NUMARASI
Uluslararası Standart Kitap Numarası 9786058457706
035 ## - SİSTEM KONTROL NUMARASI
Sistem Kontrol Numarası 13256
040 ## - KATALOGLAMA KAYNAK
Orijinal Kataloglama Ajansı Milas
Kataloglama Dili tur
Metne Dönüştürmek Ajansı TR-AnCHP
082 ## - DEWEY ONLU SINIFLANDIRMA NUMARASI
Sınıflandırma Numarası 303.482
Ürün Numarası B84 [t.y.]
090 ## - SINIFLAMA NUMARASI
Sınıflama Numarası 303.482 B84 [t.y.]
245 ## - BAŞLIK TABLOSU
Başlık Bulgaristan Türkleri'ne soya dönüş işkencesi
Başlığın Kalan Asimilasyon ve göç
Sorumluluk Tablosu, Vb Rumeli Balkan Stratejik Araştırmalar Merkezi
246 ## - UNVAN FORM VARYING
Başlık Doğru / Kısa Başlığı Asimilasyon ve göç
260 ## - YAYIN, DAĞITIM, VB
Yayın, Dağıtım, Vb Yeri İstanbul
Yayıncı, Dağıtıcı, Vs Adı RUBASAM
Yayın, Dağıtım, Vb Tarihi [t.y.]
300 ## - FİZİKSEL TANIM
Kapsam 151 s.
Boyutlar 21 sm.
650 ## - KONU KATMA GİRİŞ - TOPİKAL DÖNEM
Topikal Süreli Veya Coğrafi Ad Giriş Elemanı Bulgaristan
Genel Alt Bölümü Türkler
Kronolojik Alt Bölümü Tarih
650 ## - KONU KATMA GİRİŞ - TOPİKAL DÖNEM
Topikal Süreli Veya Coğrafi Ad Giriş Elemanı Göç
Genel Alt Bölümü Asimilasyon
710 ## - KATMA GİRİŞ - KURUMSAL ADI
Giriş Elemanı Olarak Kurumsal Ad Veya Yargı Alanı Adı Rumeli Balkan Stratejik Araştırmalar Merkezi
942 ## - EKLENDİ GİRİŞ ELEMANLARI (KOHA)
Sınıflandırma Veya Raf Düzeni Kaynak
Koha Öğesi Türü Books
999 ## - SİSTEM KONTROL NUMARALARI (KOHA)
Koha Biblionumber 747
Koha Biblioitemnumber 747
Holdings
Kalıcı Konum Mevcut Konum Edinme Tarihi Edinim Kaynak Toplam Check-Out'Lar Tam Çağrı Numarası Barkod Tarih Son Görülme İtibaren Geçerli Fiyatlar Koha Öğesi Türü
CHP Kütüphanesi CHP Kütüphanesi 08/11/2016 Bağış   303.482 B84 [t.y.] 000862 08/11/2016 08/11/2016 Books